000 00869nam0a2200265 4500
001 RU\NLR\bibl\1743935
005 20250616113733.0
010 _a978-5-9966-0082-3
_95000
021 _aRU
_b2011-7521
_9537
035 _a(NLR Aleph) 001734838
090 _a1422453
_c1422453
100 _a20110305d2011 |||y0rusy50 ca
101 0 _arus
102 _aRU
105 _ay |||||||||
200 1 _aГеография 9 класс. Подготовка к ГИА-2011: учебно-методическе пособие
210 _aРостов-на-Дону
_cЛегион
_d2011
215 _d20
225 1 _aГИА-9
700 1 _aЭртель
_bА Б
_4070
801 0 _aRU
_bNLR
_c20110305
_gRCR
801 1 _aRU
_bNLR
_c20110305
942 _cBOOK
980 _aNB